Statistiques concernant Culture Générale - Série 441

Cliquez ici pour prendre le quiz!

Statistiques générales

  • Ce quiz a été pris 137 fois
  • Le résultat moyen est 5 sur 10

Statistiques - réponses

QuestionRéponse% Correct
Quel grand parc d'attractions vendéen propose des spectacles historiques en plein air depuis 1978 ?Le Puy‐du‐Fou
89%
Quel célèbre marais en partie situé en Charente‐Maritime peut‐on visiter dans le sud de la Vendée ?Marais poitevin
72%
Quel "Père la Victoire" est né dans un village vendéen en 1841 ?Georges Clemenceau
44%
Quelle discipline est un mélange de descente et de slalom géant ?super‐G
41%
Quelle île vendéenne peut‐on rallier à marée basse par le passage du Gois ?Noirmoutier
40%
A quel grand musicien est consacré le Festival de Bayreuth depuis 1876 ?Richard Wagner
40%
Qui présentait "Le Palmarès des chansons" dans les années 1960 ?Guy Lux
34%
Quel genre de films est récompensé au Festival de l'Alpe‐d'Huez ?comédie
33%
Quelle skieuse française prénommée Carole a obtenu l'or en descente aux jeux Olympiques de 2002 ?Carole Montillet
29%
En 1992, qui chante en duo avec Anaïs "Les Mariés de Vendée" ?Didier Barbelivien
28%

Distribution des résultats

Percentile par nombre de réponses

% des personnes avec chaque résultat

Votre développement - résultats

Vous n’avez pas pris ce quiz